000 01013nam a22002537a 4500
999 _c5302
_d5302
003 AR-CdUCM
008 190312b ||||| |||| 00| 0 spa d
040 _aMUNICIPALIDAD PROVINCIAL DEL CUSCO
_cBIBLIOTECA MUNICIPAL DEL CUSCO
082 _22ed.
_a901 /
_bB94
100 _aBurckhardt, Jakob Christoph
_916025
245 _aReflexiones sobre la historia universal /
260 _aMéxico :
_bFondo de Cultura Económica,
_c1961.
300 _a331 páginas ;
_c17 cm.
440 _aColeccion Popular
_n24
_916026
500 _aDonación familia Nieto
505 _aContenido: De las tres potencias -- Las seis condicionalidades -- Las crisis históricas -- El individuo y la colectividad -- Sobre la dicha y el infortunio en la historia universal ...
650 _aEpocas religiosas
_916027
650 _aArtes y ciencias
_916028
650 _aImperio y cultura
_916029
700 _aReyes, Alfonso (Prologo)
_916030
700 _aRoces, Wenceslao (traductor)
_93529
942 _2ddc
_cLIBROS
945 _aafb